000 00661nac a22001811u 4500
010 _a 94031182
020 _a0070592209 (acid-free paper)
082 0 0 _a660.2812
_bS6421
090 _c4560
_d4560
100 _aSmith, R.
245 1 0 _aChemical process design /
_cRobin Smith.
260 _aNew York :
_bMcGraw-Hill,c1995.
_cc1995.
300 _axx, 459 p. :
_bill. ;
_c24 cm.
504 _aIncludes bibliographical references and index.
650 0 _aChemical processes.
942 _cBB
_k660.2812S6421
999 _c4560
_d4560